| 000 | nam a22 a 4500 | ||
|---|---|---|---|
| 999 |
_c1648 _d1648 |
||
| 003 | AKMAL | ||
| 005 | 20170511114828.0 | ||
| 008 | 170511s1988 -us 001 0 eng d | ||
| 020 | _a0256061734 | ||
| 040 |
_aAKMAL _cAKMAL |
||
| 082 | 0 | 4 | _a330.9 SHA |
| 090 | 0 | 0 |
_a330.9 _bSHA |
| 100 | 1 |
_aSharp, Ansel Miree, _d1924- _93356 |
|
| 245 | 1 |
_aEconomics of social issues / _cAnsel M. Sharp, Charles A. Register, Richard H. Leftwich |
|
| 250 | _a8th. ed. | ||
| 260 |
_aHomewood, Illinois : _bBusiness Publications, _c1988 |
||
| 300 |
_axiii, 431p. : _bill. ; _c24cm |
||
| 504 | _aIncludes bibliographies and index | ||
| 650 | 0 |
_aEconomics _93229 |
|
| 650 | 0 |
_aSocial problems _92873 |
|
| 700 | 1 |
_aRegister, Charles A. _93357 |
|
| 700 | 1 |
_aLeftwich, Richard H. _93358 |
|
| 942 |
_2ddc _cBOOK |
||